00675nam a2200205Ia 4500008004100000050001100041050001400052100002900066245014400095245002900239260003100268260001000299260001000309300001600319300002000335300001100355500005600366521002800422999001900450170504s9999 xx 000 0 und d aHM 35  b.J35 2016 aJapor, Marycon Esther C. 4aThe factors that contribute to work-life balance and productivity of the employees of integrated technology process solution incorporated / cMarycon Esther C. Japor. aLas Piñas, Philippines : bSISC, c2016. a116 pages : billustrations ; c28 cm. aIncludes bibliographical references and appendices. aBusiness Administration c329802d329802